000 00627nam a2200241Ia 4500
001 32504
005 20240114001608.0
007 ta
008 060826s1947 g b000 u asm u
040 _aCotton College,Assam
041 _aasm
082 _a294.51
_bG 699 B
100 _aGoswami, Tirthanath .
245 0 _aBhaktitatwa Darpan /
_cTirthanath Goswami.
_hTextual Documents
250 _a2nd ed. /
260 _aJorhat :
_bGeneral Agency ,
_c1947.
300 _a127p. ;
_c18cm.
653 _aReligion-Hinduism
653 _aG-Religion
942 _2ddc
_cBK
999 _c32486
_d32486